000 00343nam a2200109 4500
999 _c15186
_d15186
008 200305b ||||| |||| 00| 0 eng d
245 _aAyala's Seda Hotels launches edge guest loyalty program.
260 _aPhilippines;
_bManila Bulletin,
_c©2019.
300 _apage B-13;
_c29.5cm.
650 _aHospitality industry.
_941951
942 _2ddc
_cPER